Morceaux choisis de littérature anglaise
Salvato in:
| Autore principale: | |
|---|---|
| Natura: | Libro |
| Lingua: | Undetermined |
| Pubblicazione: |
París, Francia
Hachette
[s.f.]
|
| Soggetti: | |
| Tags: |
Aggiungi Tag
Nessun Tag, puoi essere il primo ad aggiungerne!!
|
MARC
| LEADER | 00000nam a2200000Ia 4500 | ||
|---|---|---|---|
| 008 | 170316s9999 xx 000 0 und d | ||
| 040 | |a cru BVZT | ||
| 090 | |a H-820 B-1m | ||
| 100 | |a Beljame, Al | ||
| 245 | |a Morceaux choisis de littérature anglaise | ||
| 260 | |a París, Francia | ||
| 260 | |b Hachette | ||
| 260 | |c [s.f.] | ||
| 300 | |a 403 páginas | ||
| 650 | |a LITERATURA INGLESA | ||
| 650 | |a HISTORIA | ||
| 999 | |c 13595 |d 13595 | ||
| 942 | |c 15 D |h H-820 B-1m |2 z | ||
